| 000 | 01138nas a2200337 4500 | ||
|---|---|---|---|
| 001 | BR8801745 | ||
| 003 | BR-BrBNA | ||
| 005 | 20231205091101.0 | ||
| 007 | ta | ||
| 008 | 230509b bl.|||p| |||| 00| 00por d | ||
| 040 |
_aBR-BrBNA _bpor _cBiblioteca Nacional de Agricultura |
||
| 041 | _a(Pt) | ||
| 072 | _aL02; L01 | ||
| 100 | 1 | _aLuchiari Filho, A. | |
| 100 | 1 | _aBoin, C. | |
| 100 | 1 | _aAlleoni, G.F. | |
| 100 | 1 | _aLeme, P.R. | |
| 100 | 1 | _aNardon, R. F. | |
| 245 | 1 | _aEfeito do tipo de animal no rendimento da porcao comestivel da carcaca. 1. Machos da raca terminados em confinamento | |
| 246 | 1 | _aEffect of animal type on the edible portion of the carcass, 1: Feedlot finished intact males of the nelore breed vs. zebu european crosses | |
| 650 | _aGADO NELORE | ||
| 650 | _aGADO EUROPEU | ||
| 650 | _aGADO CANCHIM | ||
| 650 | _aGADO SANTA GERTRUDES | ||
| 650 | _aCONFINAMENTO | ||
| 650 | _aGANHO DE PESO | ||
| 650 | _aCARCACA | ||
| 773 | 0 |
_tBoletim de Industria Animal (Brazil) _xISSN 0067-9615 _g(Jan-Jun 1985), v. 42(1) p. 31-39 _wBR8801745 |
|
| 909 |
_a202311 _bLúcia _c55 _dLúcia Elande |
||
| 942 |
_2AGRIS _n0 _cANA |
||
| 999 |
_c122655 _d122655 |
||